[Event "Ruhrgebiet Verbandsklasse Gruppe 1 1819"]
[Site "Nordrheinwestfalen"]
[Date "2019.03.24"]
[Round "8.3"]
[White "Marquardt, Guido"]
[Black "Hilse, Dieter"]
[Result "1/2-1/2"]
[WhiteElo "1809"]
[BlackElo "1678"]
[PlyCount "49"]
[EventDate "2018.09.23"]
[EventType "team-tourn"]
[EventRounds "9"]
[EventCountry "GER"]
[SourceTitle "EXT 2022"]
[Source "ChessBase"]
[SourceDate "2021.10.06"]
[SourceVersion "1"]
[SourceVersionDate "2021.10.06"]
[SourceQuality "1"]
[WhiteTeam "Horst Emscher II"]
[BlackTeam "Steele/Kray Rochade II"]
[WhiteTeamCountry "GER"]
[BlackTeamCountry "GER"]

1. Nc3 d5 2. e4 dxe4 3. Nxe4 g6 4. d4 Bg7 5. Nf3 Nf6 6. Bd3 Bg4 7. c3 0-0 8. h3 Bxf3 9. Qxf3 c6 10. 0-0 Nbd7 11. Bg5 Qb6 12. Rab1 Rae8 13. Rfe1 Nxe4 14. Qxe4 Bf6 15. Be3 Qc7 16. f4 Bg7 17. f5 Nf6 18. Qh4 Nh5 19. g4 Nf6 20. Qf2 Nd5 21. Bd2 e5 22. Bc4 Qd6 23. Bxd5 cxd5 24. dxe5 Bxe5 25. Kg2 1/2-1/2

[Event "Ruhrgebiet Verbandsklasse Gruppe 1 1819"]
[Site "Nordrheinwestfalen"]
[Date "2019.03.10"]
[Round "7.4"]
[White "Peter, Thomas"]
[Black "Hilse, Dieter"]
[Result "1-0"]
[WhiteElo "2085"]
[BlackElo "1678"]
[PlyCount "51"]
[EventDate "2018.09.23"]
[EventType "team-tourn"]
[EventRounds "9"]
[EventCountry "GER"]
[SourceTitle "EXT 2022"]
[Source "ChessBase"]
[SourceDate "2021.10.06"]
[SourceVersion "1"]
[SourceVersionDate "2021.10.06"]
[SourceQuality "1"]
[WhiteTeam "Wattenscheid SV III"]
[BlackTeam "Steele/Kray Rochade II"]
[WhiteTeamCountry "GER"]
[BlackTeamCountry "GER"]

1. e4 e5 2. Nf3 Nf6 3. d3 d6 4. Be2 Be7 5. 0-0 0-0 6. Nbd2 h6 7. Nc4 Be6 8. Ne3 Nc6 9. c4 Qc8 10. Nd5 Bxd5 11. cxd5 Nd8 12. Nh4 Re8 13. Nf5 Bf8 14. Bg4 Nxg4 15. Qxg4 Kh7 16. f4 g6 17. Nxh6 Bxh6 18. Qh4 Kg7 19. f5 Be3+ 20. Bxe3 Rh8 21. Qe7 Rh5 22. fxg6 Kxg6 23. Rf6+ Kg7 24. Raf1 Kg8 25. Rg6+ Kh7 26. Rxf7+ 1-0